000
00276nam a22000977a 4500
005
20250901165609.0
008
240207b |||||||| |||| 00| 0 eng d
050
_a
HD62.5 .H57 2008
245
_a
ENTREPRENEURSHIP
_c
Hisrich, Robert
942
_2
lcc
_h
HD62.5 .H57 2008
999
_c
6452
_d
6452